| 000 | 00855nam a22002417a 4500 | ||
|---|---|---|---|
| 999 |
_c14845 _d14845 |
||
| 003 | MIRAKIL | ||
| 005 | 20220315161606.0 | ||
| 008 | 220315b tu ||||| |||| 00| 0 tur d | ||
| 020 | _a9786053990970 | ||
| 040 |
_aTR-AnCHP _cTR-AnCHP |
||
| 041 | _atur | ||
| 082 |
_a342.56103 _bY29y 2009 |
||
| 100 | _aYazıcı, Serap | ||
| 245 | 1 | 0 |
_aYeni bir anayasa hazırlığı ve Türkiye : _bseçkincilikten toplum sözleşmesine / _cSerap Yazıcı. |
| 260 |
_aİstanbul : _bİstanbul Bilgi Üniversitesi Yayınları, _c2009. |
||
| 300 |
_a262 s. ; _c23 sm |
||
| 490 | 0 |
_aİstanbul Bilgi Üniversitesi Yayınları ; _aHukuk ; _v250. _v14. |
|
| 504 | _aDizin ve kaynakça vardır. | ||
| 650 | 0 |
_96953 _aAnayasa değişikliği _xTürkiye |
|
| 650 | 0 |
_9341 _aDemokratikleşme _xTürkiye |
|
| 740 | _aseçkincilikten toplum sözleşmesine | ||
| 942 |
_2ddc _cBKS |
||